Responses for Show #8714 - Thursday, October 6, 2022

Cris Pannullo game 5.

Contestants

[<< previous game]

Jeff Parker, a professor of theater from Arvada, Colorado

Jo Austin, a retired IT project manager from Manlius, New York

Cris Pannullo, a customer success operations manager from Ocean City, New Jersey (whose 4-day cash winnings total $111,058)

[next game >>]

Jeopardy! Round responses

WORD PUZZLES
BOOKS & AUTHORS
MUSICAL ALTER EGOS
U.S. DIPLOMACY
ALL HANDS
PRETTY CRAFTY
    $200 17
touchdown

Cris
    $200 28
(Lewis) Carroll

Jeff
    $200 12
[Cris says the last name then the full name and Ken acknowledges either is okay.]

Beyoncé Knowles

Cris
    $200 27
the Great Lakes

Cris
    $200 8
a judge

Cris
    $200 30
calligraphy

Cris
    $400 25
hit below the belt

Cris
    $400 16
Sendak

Jeff
    $400 10
Childish Gambino

Cris
    $400 22
the Monroe Doctrine

Triple Stumper
    $400 26
the laying on of hands

Cris
    $400 29
a wreath

Cris
    $600 23
Gone Girl

Cris
    $600 3
Migration

Jo
    $600 20
the Traveling Wilburys

Jo
    $600 6
Camp David

Jeff
    $600 14
horseshoes & hand grenades

Jo
    $600 11
mosaic

Jeff
    $800 4
the cornerstone

Cris
    $800 1
The Firm

Cris
    $800 7
Humpty Hump

Triple Stumper
    $800 2
Taft

Cris
    $800 5
a four-in-hand

Cris
    $800 19
origami

Jeff
    $1000 13
afternoon tea

Cris
    $3,400 9
The Brothers Karamazov

Cris
    $1000 21
Gorillaz

Cris
    $1000 24
(Jeff: Who is the prime minister?)
(Jo: Who is Hirohito?)
(Cris: Who is Tojo?)

the Shogun (Tokugawa Ieyoshi)

CrisJoJeff
Triple Stumper
    $1000 15
the Black Hand

Triple Stumper
    $1000 18
(Jo: What is a [*] hook?)

crochet(ing)

Jo

Scores at the first commercial break (after clue 15):

Cris Jo Jeff
$8,400 $1,200 $1,200

Scores at the end of the Jeopardy! Round:

Cris Jo Jeff
$10,800 $1,800 $1,600

Double Jeopardy! Round responses

U.K. GEOGRAPHY
WOMEN IN THE ARTS
PHYSICS
UNION PEOPLE
HISTORICAL TV ROLES
INSIGNIFICANT IDIOMS
    $400 17
loch

Jeff
    $400 15
the dime

Jeff
    $400 24
work

Cris
    $400 27
a Starbucks

Cris
    $400 30
(Ken: [*] is correct and with that, you pull into the black and you will be with us for Final Jeopardy!)

(Margaret) Thatcher

Jo
    $400 29
a footnote

Triple Stumper
    $800 16
Sherwood

Jeff
    $800 14
Misty Copeland

Triple Stumper
    $800 28
plasma

Cris
    $800 26
(Cris: What is the Teamsters?)

the (United) Autoworkers Union (UAW)

CrisJeff
    $800 18
Boardwalk Empire

Cris
    $800 23
small time

Triple Stumper
    $1200 5
Birmingham

Cris
    $1200 13
(Yoko) Ono

Jeff
    $1200 9
conservation

Cris
    $1200 25
(Cesar) Chavez

Cris
    $1200 3
Norway

Cris
    $1200 22
penny ante

Triple Stumper
    $1600 4
Cardiff

Cris
    $1600 10
(Maya) Lin

Cris
    $1600 6
torque

Triple Stumper
    $5,200 11
(Cris: What is the NEA?)

the AFL-CIO

Cris
    $1,500 1
the Rough Riders

Jeff
    $1600 19
collateral

Cris
    $2000 7
Devon(shire)

Triple Stumper
    $2000 12
(Jo: Who is Bernhardt?)

(Sarah) Brightman

JoJeff
    $2000 8
quarks

Triple Stumper
    $2000 20
(Ken: I thought you might know that one.)

Actors' Equity Association

Jeff
    $2000 2
(Nicholas) Hoult

Jeff
    $2000 21
chump change

Triple Stumper

Scores at the end of the Double Jeopardy! Round:

Cris Jo Jeff
$16,800 $200 $12,700

[wagering suggestions for these scores]

Final Jeopardy! Round responses

NOBEL PEACE PRIZE WINNERS
(Ken: [To Jo] South Africa's first Black Anglican archbishop and apartheid opponent.)
JoWho is Tu Tu
$200
JeffWho Kero
$0
CrisWho is Tutu
$8,601
(Archbishop Desmond) Tutu

Final scores:

Cris Jo Jeff
$25,401 $400 $12,700
5-day champion: $136,459 3rd place: $1,000 2nd place: $2,000

Game dynamics:

Coryat scores:

Cris Jo Jeff
$19,600 $200 $12,800
28 R
(including 1 DD),
3 W
(including 1 DD)
5 R,
2 W
14 R
(including 1 DD),
1 W

Combined Coryat: $32,600

[game clues] [game scores] [suggest correction]

Game tape date: 2022-08-09
The J! Archive is created by fans, for fans. Scraping, republication, monetization, and malicious use prohibited; this site may use cookies and collect identifying information. See terms. The Jeopardy! game show and all elements thereof, including but not limited to copyright and trademark thereto, are the property of Jeopardy Productions, Inc. and are protected under law. This website is not affiliated with, sponsored by, or operated by Jeopardy Productions, Inc. Join the discussion at JBoard.tv.